000 00550nam a2200181 i 4500
001 91141
003 ES-MaACL
005 20250806052009.0
007 t|
008 050127s1911 fr ||||1| fre d
100 1 _aLesage, Adolphe-Auguste.
_971821
245 1 0 _aTraité des maladies du nourrisson /
_cpar A. Lesage.
260 _aParís :
_bMasson et Cie,
_c1911 (
_eChartres :
_fDurand)
300 _aVI, 736 p. ;
_c20 cm.
650 7 _aEnfermedades de origen nutricional
_2embne
_9165392
852 _aES-MaACL
_jB-7279
999 _c91141
_d91141